Jak dobrze znasz piosenkę "Mój przyjacielu" Krzysztofa Krawczyka? - Statystyki

Ogólne statystyki
  • Ten quiz został rozwiązany 135 razy
  • Średni wynik to 12 z 15
Statystyki odpowiedzi
Tekst Brakujące słowo % Poprawnych
Mój przyjacielu, wiesz, że byłeś mi, jak ...? brat
100%
Mój przyjacielu, byłeś mi naprawdę ... bliski
99%
Dałem ..., dałem samochód gitarę
97%
Dałem ci ..., dałem ci spokój, wiarę
97%
Żony nie dałem, ... wziąłeś sobie sam. żonę
93%
Mój przyjacielu, przyprowadziłem cię z ... ulicy
90%
Mój ..., jak wyrazić to, co czuję przyjacielu
86%
Teraz pijesz ..., pijesz aż do dna, wino
86%
Proszę zostań na noc, ... swoje prawa ma. przyjaźń
78%
Jak wytłumaczyć, czym jest dla mnie ... Twa przyjaźń
78%
Późna już godzina, ... czekać dnia. próżno
76%
I dach nad głową, a do ... wszedłeś sam. sypialni
76%
Chciałbyś się rozpłynąć, ..., gdzie się da. uciec
70%
Dam gitarę, dam samochód - żony nie dam, ...! nie
63%
I nakarmiłem, i ..., jak brat. odziałem cię
21%
Nie znaleziono quizów pasujących do podanych kryteriów
Rozkład punktacji
Procent ludzi z każdym wynikiem
Percentyl według liczby udzielonych odpowiedzi
Twoja historia wyników
Nie rozwiązałeś tego quizu